BIBLIOTECA

SENCICO

Gestión de proyectos con MS project / (Registro nro. 5093)

Detalles MARC
000 -LEADER
fixed length control field 01373nam a22002897a 4500
003 - CONTROL NUMBER IDENTIFIER
control field PE SENCICO BE
005 - DATE AND TIME OF LATEST TRANSACTION
control field 20260310142301.0
008 - FIXED-LENGTH DATA ELEMENTS--GENERAL INFORMATION
fixed length control field 250211b |||||||| |||| 00| 0 eng d
020 ## - INTERNATIONAL STANDARD BOOK NUMBER
International Standard Book Number 978-612-304-689-7
040 ## - CATALOGING SOURCE
Original cataloging agency PE SENCICO BE
Transcribing agency PE SENCICO BE
041 ## - LANGUAGE CODE
Language code of text/sound track or separate title spa
082 ## - DEWEY DECIMAL CLASSIFICATION NUMBER
Classification number 658.404
Item number E98
100 1# - MAIN ENTRY--PERSONAL NAME
9 (RLIN) 420
Personal name Eyzaguirre Acosta, Carlos Augusto
Relator term autor
245 1# - TITLE STATEMENT
Title Gestión de proyectos con MS project /
Statement of responsibility, etc. Carlos Augusto Eyzaguirre Acosta
250 ## - EDITION STATEMENT
Edition statement 1a ed.
260 ## - PUBLICATION, DISTRIBUTION, ETC.
Place of publication, distribution, etc. Lima :
Name of publisher, distributor, etc. Macro ;
Date of publication, distribution, etc. 2012
300 ## - PHYSICAL DESCRIPTION
Extent 354 páginas :
Other physical details tablas, ilustraciones ;
Dimensions 28 cm.
504 ## - BIBLIOGRAPHY, ETC. NOTE
Bibliography, etc. note Bibliografía: p. 355
505 0# - FORMATTED CONTENTS NOTE
Formatted contents note Ingresar a MS Project, comenzar un proyecto -- Trabajar con tareas -- Ingresar recursos -- Administrar las tareas y recursos de un proyecto -- Administrar calendarios -- Control, seguimiento y costos -- Administrar datos de un proyecto -- Ver los informes, informes mensuales -- Administrar uso de recursos en las tareas -- Personalizar vistas, tablas y campos -- Actualizar proyecto de acuerdo a una fecha -- Análisis del valor ganado
650 10 - SUBJECT ADDED ENTRY--TOPICAL TERM
9 (RLIN) 14
Topical term or geographic name entry element Evaluación de proyectos
650 20 - SUBJECT ADDED ENTRY--TOPICAL TERM
9 (RLIN) 149
Topical term or geographic name entry element Administración de proyectos
650 20 - SUBJECT ADDED ENTRY--TOPICAL TERM
9 (RLIN) 851
Topical term or geographic name entry element Sistemas administrativos
650 20 - SUBJECT ADDED ENTRY--TOPICAL TERM
9 (RLIN) 1124
Topical term or geographic name entry element Sistemas de información en administración
650 20 - SUBJECT ADDED ENTRY--TOPICAL TERM
9 (RLIN) 508
Topical term or geographic name entry element MS Project (Programa para computadora)
910 ## - USER-OPTION DATA (OCLC)
User-option data hfp
942 ## - ADDED ENTRY ELEMENTS (KOHA)
Source of classification or shelving scheme Dewey Decimal Classification
Koha item type Libros
Existencias
Fecha de la última vez que lo usaron Pago total Signatura topográfica completa Código de barras Precio efectivo desde Tipo de documento Nota pública Estado perdido Sistema de clasificación Estado dañado No es para préstamo Retirado Ubicación permanente Ubicación actual Fecha de adquisición Fuente de adquisición
11/02/2025   658.404/E98 BibLima25020007 11/02/2025 Libros Reimp. 2020   Dewey Decimal Classification       Biblioteca Central Lima Biblioteca Central Lima 05/12/2024 Comprado de la librería San Cristóbal